Geographic dimensions of well-being in Kenya / (Record no. 5305)
[ view plain ]
| 000 -LEADER | |
|---|---|
| fixed length control field | 00790cam a22002292 4500 |
| 001 - CONTROL NUMBER | |
| control field | 0000001541 |
| 005 - DATE AND TIME OF LATEST TRANSACTION | |
| control field | 20151217151820.0 |
| 008 - FIXED-LENGTH DATA ELEMENTS--GENERAL INFORMATION | |
| fixed length control field | 070314s xx 000 0 eng d |
| 020 ## - INTERNATIONAL STANDARD BOOK NUMBER | |
| International Standard Book Number | 9291461490 : |
| 040 ## - CATALOGING SOURCE | |
| Original cataloging agency | KABU |
| Transcribing agency | KABU |
| 050 #0 - LIBRARY OF CONGRESS CALL NUMBER | |
| Classification number | HC865 |
| Item number | .Z9P6G46 |
| 245 10 - TITLE STATEMENT | |
| Title | Geographic dimensions of well-being in Kenya / |
| Statement of responsibility, etc. | Godfrey Ndenge ... [et al] |
| 260 ## - PUBLICATION, DISTRIBUTION, ETC. (IMPRINT) | |
| Place of publication, distribution, etc. | Nairobi : |
| Name of publisher, distributor, etc. | CBS, |
| Date of publication, distribution, etc. | 2003. |
| 300 ## - PHYSICAL DESCRIPTION | |
| Extent | 2 v. |
| 505 8# - FORMATTED CONTENTS NOTE | |
| Formatted contents note | V. I Where are the poor? from districts to locations - V. II Who and where are the poor? a constituency level profile. |
| 650 #0 - SUBJECT ADDED ENTRY--TOPICAL TERM | |
| Topical term or geographic name as entry element | Poor |
| Geographic subdivision | Kenya. |
| -- | 0000160790 |
| 700 1# - ADDED ENTRY--PERSONAL NAME | |
| Personal name | Ndenge, Godfrey K. |
| -- | 0000160923 |
| 908 ## - PUT COMMAND PARAMETER (RLIN) | |
| Put command parameter | 070314 |
| 950 ## - LOCAL HOLDINGS (RLIN) | |
| -- | 1 |
| Withdrawn status | Lost status | Source of classification or shelving scheme | Not for loan | Home library | Current library | Date acquired | Total Checkouts | Full call number | Barcode | Date last seen | Price effective from | Koha item type |
|---|---|---|---|---|---|---|---|---|---|---|---|---|
| Library of Congress Classification | Kabarak, Main Campus | Kabarak, Main Campus | 17/12/2015 | HC865 .Z9P6G46 V. II c. 4 | 011739 | 02/08/2024 | 17/12/2015 | General Collection | ||||
| Library of Congress Classification | Kabarak, Main Campus | Kabarak, Main Campus | 17/12/2015 | HC865 .Z9P6G46 V. II c. 5 | 15084 | 02/08/2024 | 17/12/2015 | General Collection | ||||
| Library of Congress Classification | Kabarak, Main Campus | Kabarak, Main Campus | 17/12/2015 | HC865 .Z9P6G46 V. II c. 3 | 011738 | 17/12/2015 | 17/12/2015 | Africana Collection | ||||
| Library of Congress Classification | Not For Loan | Kabarak, Main Campus | Kabarak, Main Campus | 17/12/2015 | HC865 .Z9P6G46 V. I c. 1 | 010059 | 17/12/2015 | 17/12/2015 | Reference | |||
| Library of Congress Classification | Not For Loan | Kabarak, Main Campus | Kabarak, Main Campus | 17/12/2015 | HC865 .Z9P6G46 V. II c. 1 | 010060 | 17/12/2015 | 17/12/2015 | Reference | |||
| Library of Congress Classification | Not For Loan | Kabarak, Main Campus | Kabarak, Main Campus | 17/12/2015 | HC865 .Z9P6G46 V. II c. 2 | 010061 | 17/12/2015 | 17/12/2015 | Reference |